Datum a čas kvízu
27
Celkem bodů
Celkový počet nahraných bodů na tomto kvízu bez doplňovacích otázek.
10.
Pořadí na kvízu
Konečné umístění týmu na tomto kvízu.
Zaznamenané odpovědi
| # | Otázka | Odpověď | Body | Výsledky |
|---|---|---|---|---|
| 1. | Na politickou scénu se vracejí... | Taťána Malá; spravedlnost | 0 | |
| 2. | Nejen u nás, ale i v jedné sou... | v Polsku | 1 | |
| 3. | Minulou středu měla premiéru t... | Naked Attraction | 1 | |
| 4. | Francouzská státní společnost... | croissant | 0 | |
| 5. | Organizátoři nadcházejících zi... | Olympijské ohně budou dva. | 0 | |
| 6. | Rozdělení Římské říše v roce 3... | 476 (Západořímská) a 1453 (Východořímská) | 0 | |
| 7. | Ve 14. století Evropu sevřela... | D | 1 | |
| 8. | Adolf Hitler se nepoučil z výs... | 6. armáda, (Friedrich) Paulus | 0 | |
| 9. | Jedním z největších přešlapů m... | Lehman Brothers | 1 | |
| 10. | Jak moc velkou chybou byl či n... | A | 0 |